000 nam a22 7a 4500
999 _c9158
_d9158
008 180123b ||||| |||| 00| 0 eng d
100 _aNIIT
_95428
245 _aNIIT Group - A, Level -II Class - II
260 _aNew Delhi
_bSona Publication
_c2005